000 01087nam a22002297a 4500
999 _c22469
_d22469
003 AR-CdUCM
008 190319b ||||| |||| 00| 0 spa d
020 _a9786123152758
040 _aMUNICIPALIDAD PROVINCIAL DEL CUSCO
_cBIBLIOTECA MUNICIPAL DEL CUSCO
082 _a513.076/G16
_bG16
_2segunda
100 _aGamarra Morales, Héctor
_948273
245 _aAritmética :
_bteoría y práctica /
_cHéctor Gamarra Morales ; [responsable de edición, Alex Cubas]
260 _aLima :
_bEdit. San Marcos,
_bAníbal Paredes Editor,
_c2020.
300 _a542 páginas. :
_bilustraciones, diagramas. ;
_c25 cm.
500 _aTexto a dos columnas. "Exámenes UNI desarrollados por temas y con claves. Actualizado según últimos prospectos. Desarrollo completo de todo el curso. Nuevos problemas resueltos y propuestos tipo UNI. Claves para todos los problemas propuestos"--Cubierta.
650 _aAritmética
_948274
650 _aProblemas, ejercicios, etc
_925134
650 _aEstudio y enseñanza
_92610
700 _aCubas, Alex
_eeditor
_948275
942 _2ddc
_cLIBROS
945 _arac